000 00611nam a2200205Ia 4500
003 GCL
008 140319s9999 xx 000 0 ara d
040 _aGCL /
_cGCL
082 0 4 _a813.01
_bم م
100 1 _aمحمد سالم
245 1 0 _aمحمد سالم: قصص قصيرة /
_cمحمد سالم
260 _a[S.N] :
_bالهيئة المصرية العامة للكتاب ،
_c1992
300 _a507 ص
490 _a
650 0 4 _aالادب العربى
650 0 4 _aالادب
650 0 4 _aالقصص العربية القصيرة
650 0 4 _aالقصة العربية
942 _2ddc
_cBK
999 _c29632
_d29632